El libro de las celebraciones I / (Registro nro. 7378)
[ vista simple ]
| 000 -LEADER | |
|---|---|
| fixed length control field | 01073nam a22002777a 4500 |
| 003 - CONTROL NUMBER IDENTIFIER | |
| control field | OSt |
| 005 - DATE AND TIME OF LATEST TRANSACTION | |
| control field | 20210301103704.0 |
| 008 - FIXED-LENGTH DATA ELEMENTS--GENERAL INFORMATION | |
| fixed length control field | 210301s2007 ck ||||gr|||| 00| 0cspa d |
| 020 ## - INTERNATIONAL STANDARD BOOK NUMBER | |
| International Standard Book Number | 9789589808443 |
| 040 04 - CATALOGING SOURCE | |
| Original cataloging agency | CO-JMCR |
| Transcribing agency | CO-JMCR |
| 041 0# - LANGUAGE CODE | |
| Language code of text/sound track or separate title | spa |
| 082 04 - DEWEY DECIMAL CLASSIFICATION NUMBER | |
| Classification number | 920.02 / |
| Item number | H565l |
| Edition number | 23 |
| 100 1# - MAIN ENTRY--PERSONAL NAME | |
| Personal name | Herrera Gómez, Fernando, |
| Relator term | autor |
| 9 (RLIN) | 14119 |
| 245 13 - TITLE STATEMENT | |
| Title | El libro de las celebraciones I / |
| Statement of responsibility, etc. | Fernando Herrera Gómez, Guillermo Angulo, óscar Hernández [y 53 más] ; prólogo Jineth Ardilla |
| 260 ## - PUBLICATION, DISTRIBUTION, ETC. | |
| Place of publication, distribution, etc. | Bogotá : |
| Name of publisher, distributor, etc. | Fundación Domingo Atrasado, |
| Date of publication, distribution, etc. | 2007 |
| 300 ## - PHYSICAL DESCRIPTION | |
| Extent | 278 páginas ; |
| Dimensions | 21 cm. |
| 500 ## - GENERAL NOTE | |
| General note | Incluye datos biográficos de los autores y notas a pie de página. |
| 650 14 - SUBJECT ADDED ENTRY--TOPICAL TERM | |
| Topical term or geographic name entry element | Personas en la literatura |
| General subdivision | vida y obra |
| 9 (RLIN) | 14120 |
| 650 24 - SUBJECT ADDED ENTRY--TOPICAL TERM | |
| Topical term or geographic name entry element | Literatura colombiana |
| General subdivision | historia y crítica |
| 9 (RLIN) | 11540 |
| 650 24 - SUBJECT ADDED ENTRY--TOPICAL TERM | |
| Topical term or geographic name entry element | Artistas |
| General subdivision | vida y obra |
| 9 (RLIN) | 14121 |
| 650 24 - SUBJECT ADDED ENTRY--TOPICAL TERM | |
| Topical term or geographic name entry element | Biografías |
| General subdivision | colecciones |
| 9 (RLIN) | 14122 |
| 700 1# - ADDED ENTRY--PERSONAL NAME | |
| Personal name | Angulo, Guillermo, |
| Relator term | autor |
| 9 (RLIN) | 14123 |
| 700 1# - ADDED ENTRY--PERSONAL NAME | |
| Personal name | Hernández, Óscar, |
| Relator term | autor |
| 9 (RLIN) | 499 |
| 700 1# - ADDED ENTRY--PERSONAL NAME | |
| Personal name | Ardilla, Jineth, |
| Relator term | prologuista |
| 9 (RLIN) | 14124 |
| 942 ## - ADDED ENTRY ELEMENTS (KOHA) | |
| Source of classification or shelving scheme | Dewey Decimal Classification |
| Koha item type | Books |
| Withdrawn status | Lost status | Source of classification or shelving scheme | Damaged status | Not for loan | Collection code | Home library | Current library | Date acquired | Source of acquisition | Total Checkouts | Total Renewals | Full call number | Barcode | Date last seen | Date last checked out | Copy number | Price effective from | Koha item type |
|---|---|---|---|---|---|---|---|---|---|---|---|---|---|---|---|---|---|---|
| Dewey Decimal Classification | Non-fiction | Biblioteca Pública José María del Castillo y Rada | Biblioteca Pública José María del Castillo y Rada | 10/02/2020 | Donación | 4 | 1 | 920.02 / H565l | 201810656 | 08/05/2025 | 08/04/2025 | Ej.1 | 03/01/2021 | Books |